[Event "Mechanics' Fall TNM; 30/90, SD/30"]
[Site "San Francisco"]
[Date "2014.11.04"]
[Round "3.16"]
[White "Borgo, Isaac"]
[Black "Krasnov, Steven"]
[Result "0-1"]
[WhiteElo "1553"]
[BlackElo "2002"]
[Annotator "Donaldson"]
[PlyCount "152"]
[EventDate "2014.??.??"]

1. e4 c5 2. Nf3 g6 3. d4 cxd4 4. Nxd4 Bg7 5. Bc4 Qc7 (5... Qa5+ 6. Nc3 $4 (6.
c3 $11) 6... Qc5 {wins a piece!}) 6. Bb3 a6 7. Nc3 e6 8. O-O Nc6 9. Nde2 Nge7
10. Be3 b5 11. a3 Bb7 12. f4 d6 13. Qe1 Na5 14. Rc1 O-O 15. Bd4 e5 16. fxe5
dxe5 17. Bf2 Nc4 18. Bxc4 Qxc4 19. Ng3 Rac8 20. Qe2 Qc6 21. Na2 a5 22. b4 h5
23. Bc5 Rc7 24. c4 (24. Nc3) 24... bxc4 25. Rxc4 $4 Ba6 26. Rfc1 Bxc4 27. Rxc4
Rfc8 28. Nc3 axb4 29. axb4 Qa6 30. Nd5 Nxd5 31. exd5 Qa1+ (31... Rd7 32. d6
Rxd6) 32. Kf2 Bf8 33. Ne4 f5 34. d6 Rb7 35. Ng5 Rd7 {Diagram #} 36. Qd3 $2 (36.
Bd4 $1 $18) 36... Qa2+ 37. Rc2 e4 38. Qxe4 fxe4 39. Rxa2 Bxd6 40. Nxe4 Rf7+ 41.
Ke3 Bxh2 42. g3 Bg1+ 43. Kd3 Bxc5 44. bxc5 Re7 45. Ra6 Kg7 46. Kd4 Rxe4+ 47.
Kxe4 Rxc5 48. Ra7+ Kf6 49. Ra4 Kg5 50. Kf3 Rc3+ 51. Kg2 Rc2+ 52. Kf3 Rc3+ 53.
Kg2 Kh6 54. Kf2 Rd3 55. Kg2 Kg5 56. Kf2 Kf5 57. Rf4+ Ke5 58. Kg2 Rd2+ 59. Kf3
g5 60. Ra4 Rd3+ 61. Kf2 Rd4 62. Ra5+ Rd5 63. Ra4 Kf5 64. Ke3 Re5+ 65. Kf2 Re4
66. Ra5+ Kg4 67. Ra3 Rb4 68. Kg2 Rb2+ 69. Kf1 Kh3 70. Ra5 g4 71. Rxh5+ Kxg3 72.
Rf5 Rb1+ 73. Ke2 Kg2 74. Rf2+ Kg1 75. Rf4 g3 76. Kf3 g2 0-1

[Event "Mechanics' Fall TNM; 30/90, SD/30"]
[Site "San Francisco"]
[Date "2014.10.21"]
[Round "1.11"]
[White "Borgo, Isaac"]
[Black "Walder, Michael"]
[Result "0-1"]
[WhiteElo "1553"]
[BlackElo "2130"]
[Annotator "Donaldson"]
[PlyCount "50"]
[EventDate "2014.??.??"]

1. e4 Nf6 2. Nc3 d5 3. exd5 Nxd5 4. Nxd5 Qxd5 5. Nf3 Nc6 6. b3 Bg4 7. Be2 $4 {
Diagram #} (7. Bb2) 7... Bxf3 8. Bxf3 Qe5+ 9. Qe2 Qxa1 10. O-O Qf6 11. c4 Nd4
12. Qe4 Nxf3+ 13. Qxf3 Qxf3 14. gxf3 O-O-O 15. Rd1 e5 16. Bb2 f6 17. d4 exd4
18. Bxd4 c5 19. Kg2 Rxd4 20. Re1 Bd6 21. Re2 Kd7 22. h3 Re8 23. Rc2 Bf4 24. a4
Re1 25. h4 h5 0-1

[Event "Mechanics' Fall TNM; 30/90, SD/30"]
[Site "San Francisco"]
[Date "2014.12.16"]
[Round "8.31"]
[White "Borgo, Seth"]
[Black "Drane, Robert"]
[Result "0-1"]
[WhiteElo "1150"]
[BlackElo "1869"]
[Annotator "Donaldson"]
[PlyCount "112"]
[EventDate "2014.??.??"]

1. e4 Nf6 2. Nc3 e5 3. a3 Nc6 4. Bc4 Nxe4 5. Nxe4 d5 6. Bb5 dxe4 7. Bxc6+ bxc6
8. Ne2 Bg4 9. d3 exd3 10. Qxd3 Qxd3 11. cxd3 O-O-O 12. Be3 Rxd3 13. Rd1 Rxd1+
14. Kxd1 Be7 15. f3 Rd8+ 16. Kc1 Bf5 17. Rd1 Rxd1+ 18. Kxd1 Kb7 19. Bd2 c5 20.
Bc3 Bd6 21. Ng3 Be6 22. Ne4 f6 23. Nxd6+ cxd6 24. Ke2 Kb6 25. Kd3 Kb5 26. h4
Bf5+ 27. Kd2 h5 28. g3 Kc4 29. Ba5 Kb3 30. Kc1 e4 31. fxe4 Bxe4 32. Bc7 d5 33.
Bd6 Kc4 34. Bf8 g6 35. Bg7 f5 36. Kd2 d4 37. Be5 a5 38. Bc7 a4 39. Bb6 {
Diagram #} g5 $1 {Black wants widely-separated passed pawns. Also see
Royzen-Gaffagan from this round and the famous example Kotov-Botvinnik, 1955
USSR Championship.} 40. Bc7 gxh4 (40... f4 $1) 41. gxh4 Kb3 42. Kc1 Kc4 43. Kd2
Bf3 44. Bf4 Kd5 45. Bg5 Ke4 46. Be7 c4 47. Bc5 f4 48. Bb6 Bg4 49. Bc7 f3 50.
Bg3 c3+ 51. bxc3 dxc3+ 52. Ke1 Ke3 53. Bf2+ Kd3 54. Bg3 c2 55. Bf4 Kc3 56. Be3
Kb2 0-1

[Event "Mechanics' Fall TNM; 30/90, SD/30"]
[Site "?"]
[Date "2014.10.28"]
[Round "2"]
[White "Borgo, Seth"]
[Black "Ebert, John"]
[Result "1/2-1/2"]
[WhiteElo "1150"]
[BlackElo "1753"]
[PlyCount "35"]
[EventDate "2014.??.??"]

1. e4 e6 2. c4 c5 3. Nc3 Nc6 4. Nf3 a6 5. d4 cxd4 6. Nxd4 d6 7. Be2 Be7 8. O-O
Nf6 9. Be3 O-O 10. Qd2 Qc7 11. Bf3 Nxd4 12. Qxd4 e5 13. Qd3 Bd7 14. Rac1 Rac8
15. b3 h6 16. Rfd1 Rfd8 17. a4 Bf8 18. Be2 1/2-1/2

[Event "Mechanics' Fall TNM; 30/90, SD/30"]
[Site "San Francisco"]
[Date "2014.11.25"]
[Round "5.28"]
[White "Borgo, Seth"]
[Black "Nyangar, Enkhmaa"]
[Result "1/2-1/2"]
[WhiteElo "1150"]
[BlackElo "1769"]
[Annotator "Donaldson"]
[PlyCount "70"]
[EventDate "2014.??.??"]

1. e4 c5 2. Nf3 Nc6 3. d4 cxd4 4. Nxd4 e5 5. Nb5 d6 6. Bc4 a6 7. N5c3 b5 8. Bd5
Bb7 9. a3 Nf6 10. Be3 Nxd5 $2 (10... Be7 $11) 11. Nxd5 Ne7 $2 (11... Rc8) 12.
Bb6 Qb8 13. Nc7+ Kd7 14. Nxa8 Bxa8 15. Be3 $18 Bxe4 16. O-O g6 17. Nc3 Ba8 18.
Bg5 Qb7 19. f3 Nf5 20. Qd3 Bg7 21. Ne4 Rc8 22. c3 h6 23. Bf6 Bxf6 24. Nxf6+ Ke7
25. Ng4 Rc4 26. Ne3 Qb6 27. Rae1 e4 28. fxe4 Bxe4 29. Qe2 Kf8 30. Kh1 Nxe3 31.
Qxe3 Qc6 32. Qxh6+ Kg8 33. Rf2 Rc5 34. Qf4 Re5 35. Qd2 Rh5 {
White is much better but may have been low on time.} 1/2-1/2

[Event "Mechanics' Fall TNM; 30/90, SD/30"]
[Site "San Francisco"]
[Date "2014.11.18"]
[Round "4.39"]
[White "Brown, Nicholas"]
[Black "Bayaraa, Bilguun"]
[Result "1-0"]
[WhiteElo "1520"]
[BlackElo "639"]
[PlyCount "105"]
[EventDate "2014.??.??"]

1. d4 g6 2. c4 Nf6 3. Nc3 Bg7 4. e4 d6 5. Nf3 Bg4 6. Be2 Bxf3 7. Bxf3 O-O 8. e5
dxe5 9. Bxb7 exd4 10. Nd5 Nbd7 11. Bxa8 Qxa8 12. Nxe7+ Kh8 13. Qf3 Qxf3 14.
gxf3 Re8 15. Kd2 Rxe7 16. b3 Nh5 17. Bb2 Be5 18. Rae1 Re6 19. Kc2 d3+ 20. Kb1
Bxb2 21. Kxb2 Rf6 22. Re3 Rd6 23. Rd1 Nf4 24. Kb1 d2 25. Kc2 f6 26. Rxd2 Rxd2+
27. Kxd2 g5 28. Re8+ Kg7 29. Re7+ Kg6 30. Rxd7 Ne6 31. Re7 Nd4 32. Rxc7 Nxf3+
33. Ke2 Nxh2 34. f3 a5 35. Rd7 f5 36. Rd6+ Kh5 37. Rd5 Kh4 38. Rxf5 h5 39. c5
g4 40. fxg4 hxg4 41. Kf2 g3+ 42. Kg2 Ng4 43. Rf4 Kg5 44. Rxg4+ Kxg4 45. c6 Kf4
46. c7 Kg4 47. c8=Q+ Kg5 48. Kxg3 Kf6 49. Kf4 Kg6 50. Qf5+ Kg7 51. Kg5 Kg8 52.
Kg6 Kh8 53. Qf8# 1-0

[Event "Mechanics' Fall TNM; 30/90, SD/30"]
[Site "San Francisco"]
[Date "2014.12.16"]
[Round "8.28"]
[White "Brown, Nicholas"]
[Black "Hilliard, Michael"]
[Result "0-1"]
[WhiteElo "1520"]
[BlackElo "1400"]
[Annotator "Donaldson"]
[PlyCount "50"]
[EventDate "2014.??.??"]

1. d4 d5 2. c4 e6 3. Nf3 c5 4. cxd5 exd5 5. dxc5 Bxc5 6. e3 Nc6 7. Bb5 Nf6 8.
O-O O-O 9. Nc3 Be6 10. b3 a6 11. Bd3 b5 12. Bb2 d4 13. Ne4 $1 Bb6 14. Rc1 (14.
Nxf6+ Qxf6 15. Be4 Rac8 16. Rc1 {wins the d-pawn.}) 14... Rc8 15. Nxf6+ Qxf6
16. Qc2 $2 (16. Be4 $1 {transposes to the last note.}) 16... Qd8 (16... Ne5 $1
17. Qe2 Nxf3+ 18. Qxf3 Qxf3 19. gxf3 dxe3 {wins for Black.}) 17. Qb1 (17. Bxh7+
Kh8 18. Be4 {wins a pawn as Black has no good discovered attacks on the queen.}
) 17... g6 18. exd4 Nxd4 19. Nxd4 Bxd4 20. Rxc8 Bxc8 21. Ba3 (21. Bxd4 Qxd4 22.
Rd1 {is completely equal.}) 21... Re8 22. Re1 Be6 23. Kf1 $4 (23. Re2 $11)
23... Qh4 $1 24. g3 Qxh2 25. Qc2 Bh3# 0-1

[Event "Mechanics' Fall TNM; 30/90, SD/30"]
[Site "San Francisco"]
[Date "2014.10.28"]
[Round "2.37"]
[White "Brown, Nicholas"]
[Black "Otterbach, Renate"]
[Result "1-0"]
[WhiteElo "1520"]
[BlackElo "1044"]
[Annotator "Donaldson"]
[PlyCount "97"]
[EventDate "2014.??.??"]

1. d4 d5 2. c4 Nf6 (2... e6) (2... c6) 3. Bg5 (3. cxd5 $1 Nxd5 4. Nf3 $14 (4.
e4 Nf6 5. Nc3 e5 6. dxe5 Qxd1+ 7. Kxd1 Ng4)) 3... Bf5 (3... e6) (3... c6) 4. e3
(4. Nc3 e6 (4... c6 5. Bxf6 exf6 6. cxd5 cxd5 7. Qb3) 5. cxd5 exd5 6. Bxf6)
4... Nbd7 (4... e6) (4... c6) 5. Nf3 (5. cxd5 Nxd5 6. Nc3 (6. Qb3)) (5. Qb3)
5... c6 6. Nc3 Qa5 (6... e6) 7. Qb3 e6 8. Be2 (8. Qxb7 Rb8 9. Qxc6 Ba3 $1) 8...
Be7 9. O-O O-O 10. Bxf6 (10. Rac1) 10... Nxf6 11. c5 Qc7 12. Rfe1 Rab8 (12...
b6 13. cxb6 axb6) 13. Qd1 b6 14. b4 Rfd8 15. Bd3 Be4 16. Bxe4 dxe4 17. Ne5 bxc5
18. bxc5 Bxc5 19. Qc2 Bd6 20. Nxe4 Bxe5 21. dxe5 Qxe5 22. Nxf6+ Qxf6 23. Qxc6
Rd2 24. Rab1 (24. Rf1 g6 $19) 24... Qxf2+ 25. Kh1 Rbd8 26. Qf3 g6 27. Qxf2 Rxf2
28. a4 Rdd2 29. Rg1 Kg7 (29... Ra2 30. Rb4 a5 31. Rc4 Ra3 32. e4 Rfa2 $19) 30.
Rb7 Rxg2 $4 31. Rxg2 Rd1+ 32. Rg1 Rd3 33. Re1 a5 34. Rb5 f5 35. Rxa5 Ra3 36. e4
f4 37. e5 g5 38. Ra6 f3 39. Rxe6 Rxa4 40. Rf6 g4 41. Rf5 Kg6 42. Rf6+ Kg5 43.
Rf8 Ra7 44. e6 Re7 45. Rf7 Rxf7 46. exf7 h5 47. f8=Q Kh4 48. Qf4 f2 49. Qxf2+
1-0

[Event "Mechanics' Fall TNM; 30/90, SD/30"]
[Site "San Francisco"]
[Date "2014.10.28"]
[Round "2.3"]
[White "Byambaa, Uyanga"]
[Black "Anderson, Michael Gene"]
[Result "1-0"]
[WhiteElo "2205"]
[BlackElo "1992"]
[Annotator "Donaldson"]
[PlyCount "33"]
[EventDate "2014.??.??"]

1. e4 c5 2. Nf3 e6 3. d4 cxd4 4. Nxd4 a6 5. Nc3 b5 6. g3 Bb7 7. Bg2 d6 8. O-O
Nf6 9. Re1 Be7 $4 {Diagram #} (9... Nbd7 10. e5 $1) (9... Qc7 10. a4 b4 11. Nd5
$1 {is known to be very dangerous for Black.}) 10. e5 $1 {
This is a well-known idea exploiting the unprotected bishop on b7.} Nd5 (10...
dxe5 11. Bxb7 Ra7 12. Bc6+ Kf8 13. Rxe5 {wins a piece.}) 11. Nxd5 dxe5 (11...
exd5 12. exd6 $18) 12. Nxe6 $1 fxe6 13. Qh5+ Kf8 14. Nxe7 Bxg2 15. Ng6+ Kg8 16.
Nxe5 Bb7 17. Qf7# 1-0

[Event "Mechanics' Fall TNM; 30/90, SD/30"]
[Site "San Francisco"]
[Date "2014.11.18"]
[Round "4.3"]
[White "Byambaa, Uyanga"]
[Black "Askin, Michael"]
[Result "0-1"]
[WhiteElo "2205"]
[BlackElo "1964"]
[Annotator "Donaldson"]
[PlyCount "102"]
[EventDate "2014.??.??"]

1. e4 c6 2. Nf3 d5 3. Nc3 Bg4 4. exd5 (4. h3 {and}) (4. d4 {
are more challenging.}) 4... cxd5 5. h3 Bxf3 6. Qxf3 Nf6 7. d4 e6 8. g4 $6 (8.
Bd3) 8... Nc6 9. Bb5 Bb4 10. a3 Qa5 11. Bd2 Bxc3 12. Bxc6+ bxc6 13. Bxc3 Qb5
14. a4 $6 (14. O-O-O {seems more consistent with White's previous play.}) 14...
Qb6 15. O-O $6 O-O 16. Rfe1 Ne4 17. Ra3 $6 f5 $1 $19 18. a5 Qc7 19. Bb4 fxg4
20. Qxg4 Rf5 (20... Rf6 $1) 21. f3 $2 (21. Rxe4 dxe4 22. Qxe4 {
was the only way to continue the fight, although Black is much better.}) 21...
Rg5 $19 22. fxe4 Rxg4+ 23. hxg4 Qf4 24. Rae3 Qxg4+ 25. Kh2 Rb8 26. Ba3 Rb7 27.
Rg3 Qh4+ 28. Kg2 dxe4 29. Rh1 Qd8 30. c3 Rf7 31. Rh5 Rf5 32. Rhh3 Rg5 33. Kf2
Rxg3 34. Rxg3 Qh4 35. Bd6 Qf6+ 36. Ke3 Qf5 37. b4 h5 38. Bf4 h4 39. Rg5 Qh3+
40. Kxe4 Qxc3 41. Be5 Qc2+ 42. Kf3 g6 43. Rg4 Qf5+ 44. Rf4 Qd3+ 45. Kg2 g5 46.
Rf6 g4 47. Rxe6 Qh3+ 48. Kg1 g3 49. Rg6+ Kh7 50. Rg5 Qh2+ 51. Kf1 Qf2# 0-1

[Event "Mechanics' Whitehead TNM; 30/90, SD/30"]
[Site "San Francisco"]
[Date "2014.08.12"]
[Round "2.3"]
[White "Byambaa, Uyanga"]
[Black "Gerwin, Gene"]
[Result "1-0"]
[WhiteElo "2171"]
[BlackElo "1906"]
[Annotator "Winslow,Elliott C"]
[PlyCount "107"]
[EventDate "2014.??.??"]

1. e4 d6 2. d4 c6 3. Nc3 e5 4. Nf3 Bg4 5. dxe5 Bxf3 6. Qxf3 dxe5 7. Bc4 Nf6 8.
Ne2 $6 Nbd7 $6 9. Qb3 Bc5 (9... Nc5 10. Bxf7+ Kd7 (10... Ke7 11. Qc4 b5 12.
Qxc5+) 11. Qh3+) 10. Bxf7+ Kf8 11. f3 a5 12. a4 Bb4+ 13. Nc3 Nxe4 $5 14. fxe4
Qh4+ 15. g3 $4 (15. Ke2 Bxc3 16. bxc3 Qxe4+ 17. Kf1 Qf5+ 18. Kg1 Qxf7 19. Qxb7)
15... Qxe4+ $19 16. Be3 $2 Qxe3+ $1 17. Kd1 Qf3+ (17... Nc5) (17... Rd8) 18.
Kd2 Nc5 $2 (18... Qg2+ 19. Ke3 Bc5+ 20. Kd3 e4+ 21. Nxe4 (21. Kc4 Qf2) 21...
Ne5+) 19. Raf1 Nxb3+ $6 (19... Ne4+ 20. Kc1 Qe3+ 21. Kb1 Nd2+ 22. Ka2 Nxb3 23.
Bxb3+ Ke7 (23... Ke8)) 20. Bxb3 Bxc3+ 21. bxc3 Rd8+ 22. Kc1 Rd1+ $6 (22... Qf6
$19) 23. Rxd1 Qxc3 24. Kb1 g6 $4 (24... Ke7 $19) 25. Rd7 Qf3 $6 (25... Qb4 26.
Rhd1 b5) 26. Rhd1 Qxd1+ 27. Rxd1 Ke7 28. Re1 Kd6 29. Rf1 e4 30. Rf6+ Ke5 31.
Re6+ Kd4 32. Kb2 Ke3 33. c3 Rf8 34. Bc2 Rf2 35. Rxe4+ Kd2 36. Rh4 Rf7 37. Kb3
b5 38. Rd4+ Ke3 39. axb5 cxb5 40. Rd5 a4+ 41. Ka3 Rc7 42. Kb4 Rc4+ 43. Kxb5
Rxc3 44. Bxa4 Rc7 45. Kb6 Re7 46. Kc5 Re6 47. Rd7 h5 48. Rf7 Ra6 49. Bc6 Ra2
50. h4 Rc2+ 51. Kd6 Rd2+ 52. Bd5 Rd4 53. Rf3+ Ke2 54. Rf4 1-0

[Event "Mechanics' Whitehead TNM; 30/90, SD/30"]
[Site "San Francisco"]
[Date "2014.08.26"]
[Round "4.2"]
[White "Byambaa, Uyanga"]
[Black "Jaffray, John"]
[Result "1-0"]
[WhiteElo "2171"]
[BlackElo "1997"]
[PlyCount "85"]
[EventDate "2014.??.??"]

1. e4 c5 2. Nf3 Nc6 3. d4 cxd4 4. Nxd4 Nf6 5. Nc3 e5 6. Ndb5 d6 7. Bg5 a6 8.
Na3 b5 9. Bxf6 gxf6 10. Nd5 f5 11. Bxb5 axb5 12. Nxb5 Ra5 13. Nbc7+ Kd7 14. Qh5
Ne7 15. Qxf7 Kc6 16. b4 Ra4 17. Nxe7+ Kxc7 18. Ng6+ Kb8 19. Nxh8 Ra7 20. Qd5
Qf6 21. c4 Qxh8 22. c5 Qf6 23. O-O Be6 24. Qc6 Bd7 25. Qb6+ Rb7 26. Qa6 Bb5 27.
Qa5 Bxf1 28. Rxf1 dxc5 29. bxc5 Be7 30. c6 Qxc6 31. Qxe5+ Bd6 32. Qxf5 Qc7 33.
g3 Rb2 34. Qe6 Be5 35. Rd1 Qc5 36. Rd8+ Kb7 37. Rd7+ Bc7 38. Qf7 Rb1+ 39. Kg2
Qc1 40. Qd5+ Kb8 41. Rxh7 Qf1+ 42. Kf3 Rb6 43. Rh8+ 1-0

[Event "Mechanics' Spring TNM; 30/90, SD/30"]
[Site "San Francisco"]
[Date "2014.03.18"]
[Round "1.6"]
[White "Byambaa, Uyanga"]
[Black "James, Charles"]
[Result "1-0"]
[WhiteElo "2136"]
[BlackElo "1489"]
[PlyCount "71"]
[EventDate "2014.??.??"]

1. e4 e6 2. d4 d5 3. Nc3 Nf6 4. Bg5 Bb4 5. e5 h6 6. exf6 hxg5 7. fxg7 Rg8 8. h4
Rxg7 9. hxg5 Qxg5 10. Nf3 Qf6 11. Rh8+ Bf8 12. Qd2 Nc6 13. Nb5 Qe7 14. O-O-O a6
15. Nc3 Bd7 16. Re1 O-O-O 17. Nxd5 Qd6 18. Nf6 Be7 19. Rxd8+ Bxd8 20. Ne4 Qf8
21. Kb1 f6 22. Nc5 Qd6 23. Bc4 e5 24. Ne4 Qb4 25. Qxb4 Nxb4 26. dxe5 fxe5 27.
g3 Nc6 28. a3 b5 29. Bd5 Ne7 30. Bb3 Nc6 31. Nc5 Nd4 32. Nxe5 Nxb3 33. Nxb3 Be8
34. Nc5 a5 35. Ne6 Re7 36. Nxd8 1-0

[Event "Mechanics' Whitehead TNM; 30/90, SD/30"]
[Site "San Francisco"]
[Date "2014.09.09"]
[Round "6.1"]
[White "Byambaa, Uyanga"]
[Black "Lee, Andy"]
[Result "0-1"]
[WhiteElo "2171"]
[BlackElo "2361"]
[Annotator "Donaldson"]
[PlyCount "100"]
[EventDate "2014.??.??"]

1. e4 e5 2. Nf3 Nc6 3. Bc4 Nf6 4. Ng5 d5 5. exd5 Na5 6. Bb5+ c6 7. dxc6 bxc6 8.
Qf3 cxb5 (8... Rb8) (8... Bb7 {and}) (8... Be7 {are all more commonly seen.})
9. Qxa8 h6 {Now the game starts to enter uncharted territory.} (9... Bc5 {and})
(9... Nb7 {have been seen more often.}) 10. Ne4 Nd5 11. d3 $2 (11. Nbc3 Nb6 12.
Nf6+ gxf6 13. Qf3 {M. Lyell-A. Meszaros, Kecskemet 2013 with Black already
better is similar to the game.}) (11. Qb8 Nc6 12. Qxb5 Ndb4 13. Na3 $2 (13. O-O
Ba6 14. Qa4 {returning some of the booty leaves Black struggling to justify
his previous play.}) 13... Ba6 14. Qa4 Qd4 {
and Black was already winning in Estimo-Balinas, Manila 1968.}) ({
The test of Black's play may well be the direct} 11. Nd6+ Bxd6 12. Qxd5 {
when it is not at all clear if Black has enough for the sacrificed exchange
and two pawnsafter} O-O 13. Qxb5 Bb7 14. O-O {. Black has a lead in
development but the offside knight on a5 renders his position extremely
problematic.}) 11... Nb6 12. Nf6+ (12. Qb8 Nc6 {traps the queen.}) 12... gxf6
13. Qf3 Bb7 {Material may be equal but Black's lead in development and active
minor pieces promise White's king will not have an easy life.} 14. Qg3 Nc6 {
Andy correctly brings his problem knight on a5, the bane of many a Two
Knight's defender, back into the game.} 15. Be3 Ne7 ({The direct} 15... Nd4 {
was also attractive.}) 16. Qh3 Rg8 17. Rg1 Ned5 18. Nd2 Nb4 19. Rc1 N6d5 ({
The prosaic} 19... Nxa2 {was also possible -} 20. Ra1 Nb4 21. Rxa7 Nxc2+ 22.
Ke2 Nxe3 23. fxe3 Bd5 {looks quite strong.}) 20. a3 Nxe3 21. Qxe3 Nc6 22. Nb3
Nd4 23. Nxd4 Qxd4 24. Qxd4 exd4 25. g3 {White has seemingly survived the worst
of it, but still is suffering as it is hard to activate her rooks.} Bf3 26. c4
(26. c3 {was a better try.}) 26... b4 $1 27. c5 bxa3 28. bxa3 {Diagram #} Rg5
$1 29. c6 Re5+ 30. Kf1 {White is only playing with one rook.} Kd8 31. g4 Bxa3
32. Rc4 Bc5 33. Rg3 Bxc6 34. f4 Rd5 35. Rh3 Bb5 36. Rc1 Bd6 37. Ra1 a5 38. Kf2
Bb4 39. Rxh6 Bc3 40. Rb1 Bxd3 41. Rb7 Rd7 42. Rh8+ Ke7 43. Rbb8 Bc2 44. Rhe8+
Kd6 45. Rec8 a4 46. Ra8 Rc7 47. Ra6+ Kd7 48. Rf8 Ke7 49. Rfa8 d3 50. Rxa4 d2
0-1

[Event "Mechanics' Spring TNM; 30/90, SD/30"]
[Site "San Francisco"]
[Date "2014.04.29"]
[Round "7.3"]
[White "Byambaa, Uyanga"]
[Black "Manvelyan, Hayk"]
[Result "1/2-1/2"]
[WhiteElo "2136"]
[BlackElo "2354"]
[PlyCount "80"]
[EventDate "2014.??.??"]

1. e4 e6 2. d4 d5 3. Nc3 Bb4 4. e5 c5 5. a3 Bxc3+ 6. bxc3 Ne7 7. Qg4 Qc7 8.
Qxg7 Rg8 9. Qxh7 cxd4 10. Ne2 Nbc6 11. f4 Bd7 12. Qd3 dxc3 13. Rb1 Na5 14. Qxc3
Nc4 15. Ng3 O-O-O 16. Bxc4 dxc4 17. Ne4 Nf5 18. O-O Bc6 19. Ng5 Bd5 20. Be3 Qc6
21. Rf2 b6 22. a4 Rd7 23. a5 b5 24. g4 Nh4 25. h3 Nf3+ 26. Nxf3 Bxf3 27. Qb4
Rh8 28. Rh2 Qe4 29. Qc5+ Kd8 30. Re1 Bd1 31. Qxb5 Kc8 32. Qa6+ Rb7 33. Bf2 Qd5
34. Bxa7 Bxg4 35. Be3 Rxh3 36. Rg2 Bf3 37. Rg8+ Kd7 38. Qa8 Rh1+ 39. Kf2 Rh2+
40. Kg1 Rh1+ 1/2-1/2

[Event "Mechanics' Spring TNM; 30/90, SD/30"]
[Site "San Francisco"]
[Date "2014.04.15"]
[Round "5.4"]
[White "Byambaa, Uyanga"]
[Black "Ochoa, Jason"]
[Result "1-0"]
[WhiteElo "2136"]
[BlackElo "1880"]
[Annotator "Donaldson"]
[PlyCount "63"]
[EventDate "2014.??.??"]

1. e4 c5 2. Nf3 d6 3. d4 cxd4 4. Nxd4 Nf6 5. Nc3 g6 6. Be3 Bg7 7. f3 O-O 8. Qd2
Nc6 9. Bc4 Bd7 10. Bb3 Rc8 11. h4 h5 12. O-O-O Na5 13. g4 Nc4 14. Bxc4 Rxc4 15.
gxh5 Nxh5 16. Kb1 a6 17. Rhg1 Kh7 18. Nde2 Be6 19. f4 Qa5 20. f5 Bd7 21. fxg6+
fxg6 22. Rg5 b5 23. Rdg1 Be8 24. Qd3 Be5 25. Bd4 $2 (25. Nd5 $18) 25... Bxd4 $2
(25... Nf4 $1 $11) 26. Nxd4 Bf7 27. Rxh5+ gxh5 28. e5+ Kh8 29. Qe3 Kh7 {
Diagram #} 30. Rg7+ $1 Kxg7 31. Nf5+ Kg8 32. Qg5+ 1-0

[Event "Mechanics' Fall TNM; 30/90, SD/30"]
[Site "San Francisco"]
[Date "2014.12.02"]
[Round "6.3"]
[White "Byambaa, Uyanga"]
[Black "Tsodikova, Natalya"]
[Result "1-0"]
[WhiteElo "2205"]
[BlackElo "2162"]
[Annotator "Donaldson"]
[PlyCount "81"]
[EventDate "2014.??.??"]

1. e4 e5 2. Nf3 Nc6 3. Bc4 Nf6 4. d3 Be7 5. c3 O-O 6. O-O d5 7. exd5 Nxd5 8.
Re1 Bg4 9. h3 Bh5 10. g4 Bg6 11. Nxe5 Nxe5 12. Rxe5 Nb6 13. Bb3 Bd6 14. Bg5 Qd7
15. Re3 Rae8 16. d4 h6 17. Rxe8 Rxe8 18. Be3 h5 19. Nd2 c6 20. Qf3 Nd5 $2 (
20... hxg4 $11) 21. gxh5 Bf5 22. Bxd5 (22. Kh1 Bxh3 23. Rg1 $16) 22... cxd5 23.
Kg2 $6 {Diagram #} (23. Kh1 Bxh3 24. Rg1) 23... Re4 $1 24. Rh1 Bc7 25. h6 Rg4+
26. Kf1 Rg6 27. hxg7 Kxg7 $2 (27... Bd3+ 28. Ke1 Qb5 $11) 28. Ke1 Bd3 29. h4
Bf5 30. h5 Bg4 31. Qg2 Bxh5 32. Qf1 Qg4 33. f3 Qf5 34. Qh3 Qd3 (34... Qxh3 35.
Rxh3 $18) 35. Qxh5 Qxe3+ 36. Kd1 Kf8 37. Re1 Qf4 $2 (37... Rg1 $16) 38. Qh8+
Rg8 39. Qh3 Rg3 40. Qc8+ Kg7 41. Rh1 1-0

[Event "Mechanics' Fall TNM; 30/90, SD/30"]
[Site "San Francisco"]
[Date "2014.12.16"]
[Round "8.5"]
[White "Byambaa, Uyanga"]
[Black "Walder, Michael"]
[Result "0-1"]
[WhiteElo "2205"]
[BlackElo "2130"]
[Annotator "Donaldson"]
[PlyCount "68"]
[EventDate "2014.??.??"]

1. e4 e6 2. d4 d5 3. Nc3 Nf6 4. Bg5 Bb4 5. e5 h6 6. Bd2 Bxc3 7. bxc3 Ne4 8. Qg4
g6 9. h4 c5 10. Bd3 Nxd2 11. Kxd2 Nc6 12. Rh3 Bd7 13. Rf3 Qa5 14. Qf4 O-O-O 15.
dxc5 d4 16. Ne2 dxc3+ 17. Nxc3 Qxc5 18. Re3 Nb4 19. Ne4 $2 (19. Re4) 19... Qa5
$1 20. Nd6+ Kb8 21. Ke2 Nd5 22. Qf3 Bc6 23. Be4 Nxe3 24. Bxc6 Rxd6 25. exd6
Nxc2 26. Qf6 Rd8 27. Rb1 Qa6+ 28. Rb5 Rxd6 29. Qe5 Qxc6 30. Rc5 Qa6+ 31. Kf3
Qd3+ 32. Kg4 Qd4+ 33. f4 Qxe5 34. fxe5 Rc6 0-1

[Event "Mechanics' Whitehead TNM; 30/90, SD/30"]
[Site "San Francisco"]
[Date "2014.09.23"]
[Round "8.4"]
[White "Byambaa, Uyanga"]
[Black "Walder, Michael"]
[Result "1-0"]
[WhiteElo "2171"]
[BlackElo "2134"]
[PlyCount "81"]
[EventDate "2014.??.??"]

1. e4 c5 2. Nf3 d6 3. d4 cxd4 4. Nxd4 Nf6 5. Nc3 Nc6 6. Bc4 Qb6 7. Nb3 e6 8.
Be3 Qc7 9. f3 a6 10. a4 Be7 11. a5 Nxa5 12. Nxa5 b6 13. Bd5 exd5 14. Nxd5 Nxd5
15. Qxd5 Rb8 16. Qc6+ Qd7 17. Qxd7+ Kxd7 18. Nc4 Kc6 19. Kf2 Be6 20. b3 Bxc4
21. bxc4 a5 22. Rhb1 Rb7 23. Ke2 Bf6 24. Ra3 Ra8 25. Rb5 g6 26. Rd3 Ra6 27. Bc1
Rc7 28. Ba3 Be5 29. g3 g5 30. Ke3 Kb7 31. f4 gxf4+ 32. gxf4 Bg7 33. Rf5 Rxc4
34. Rxf7+ Rc7 35. Rxc7+ Kxc7 36. Bxd6+ Kc6 37. e5 Ra7 38. f5 b5 39. f6 Bh6+ 40.
Ke4 b4 41. e6 1-0

[Event "Mechanics' Winter TNM; 30/90, SD/30"]
[Site "San Francisco"]
[Date "2014.02.11"]
[Round "6.25"]
[White "Campers, Willie"]
[Black "Frank, Robert"]
[Result "1-0"]
[WhiteElo "1791"]
[BlackElo "1396"]
[PlyCount "103"]
[EventDate "2014.??.??"]

1. e4 e5 2. Nf3 Nf6 3. Nc3 Nc6 4. Bc4 Bc5 5. a3 a5 6. O-O O-O 7. d3 d6 8. Bg5
h6 9. Bh4 Be6 10. Nd5 Kh8 11. Bxf6 gxf6 12. Qd2 Kh7 13. Nh4 Rg8 14. c3 Rg5 15.
g3 Bxd5 16. Bxd5 Qd7 17. Nf5 Rf8 18. b4 Bb6 19. Bb3 Ne7 20. Ne3 f5 21. exf5
Nxf5 22. Nxf5 Qxf5 23. Bd5 Qh3 24. Bg2 Qc8 25. d4 f5 26. f4 exf4 27. Rxf4 c5
28. Kh1 axb4 29. axb4 cxb4 30. cxb4 Qd7 31. Qd3 Rh5 32. Re1 Bd8 33. Bd5 Rf6 34.
Qc4 Rg5 35. Be6 Qc6+ 36. Bd5 Qxc4 37. Bxc4 Rf8 38. Be6 Kg6 39. d5 Kf6 40. Kg2
h5 41. Kf3 Bb6 42. Bd7 Bd4 43. Rxd4 Rg4 44. Re6+ Kg5 45. Ke3 Rxd4 46. Kxd4 Rf6
47. h3 Rxe6 48. dxe6 Kf6 49. Kd5 Ke7 50. b5 h4 51. gxh4 f4 52. Ke4 1-0